000 00740nam a2200265Ia 4500
003 OSt
005 20220928125033.0
006 a|||||r|||| 00| 0
007 ta
008 220927b |||||||| |||| 00| 0 eng d
020 _c450
024 _a119084
037 _b84, 22/08/2013, Vardhman Books
_cTextual
040 _aSDCL
_cSDCL
_beng
041 _2eng
_aeng
082 _aX:72, Q0
100 _aDwivedi D N
_9391889
245 0 _aMacroeconomics
_b Theory and policy
250 _a3rd
260 _aNew Delhi
_bTata McGraw Hill Education
_c2013
300 _axvi;667p
_ccm.
650 _aFinancial Studies
942 _hX:72, Q0
_cTEXL
_2CC
999 _c780578
_d780578